Vista normal
Vista MARC
Entrada Geographic Name
Número de registros utilizados en: 1
001 - CONTROL NUMBER
- control field: 36932
003 - CONTROL NUMBER IDENTIFIER
- control field: OSt
005 - DATE AND TIME OF LATEST TRANSACTION
- control field: 20210417152047.0
008 - FIXED-LENGTH DATA ELEMENTS
- fixed length control field: 210417|| aca||aabn | a|a d
040 ## - CATALOGING SOURCE
- Original cataloging agency: OSt
- Transcribing agency: OSt
151 ## - HEADING--GEOGRAPHIC NAME
- Geographic name: Chile
- General subdivision: Servicio de Impuestos Internos
670 ## - SOURCE DATA FOUND
- Source citation: Work cat.: (OSt)7604: 14914, SII, Servicio de Impuestos Internos : , impresión 1995